000
00492nam a2200145Ia 4500
008
100204s9999 xx 000 0 und d
082
_b
27224
100
_a
उगावकर राम
245
_a
सदाबहार वृध्दत्व
260
_b
"विजय प्रकाशन , नागपूर"
_c
2005
300
_a
144
630
_a
सदाबहार वृध्दत्व
730
_a
सदाबहार वृध्दत्व
942
_c
BOOK
999
_c
472400
_d
472397